[Event "BEL-chT 2122"]
[Site "Belgium"]
[Date "2022.01.30"]
[Round "6.1"]
[White "Lombaers, Peter"]
[Black "Buckels, Valentin"]
[Result "0-1"]
[WhiteElo "2348"]
[BlackElo "2457"]
[PlyCount "78"]
[EventDate "2021.10.24"]
[EventType "team-tourn"]
[EventRounds "11"]
[EventCountry "BEL"]
[SourceTitle "EXT 2023"]
[Source "ChessBase"]
[SourceDate "2022.10.05"]
[SourceVersion "1"]
[SourceVersionDate "2022.10.05"]
[SourceQuality "1"]
[WhiteTeam "Borgerhout"]
[BlackTeam "KSK47 Eynatten"]
[WhiteTeamCountry "BEL"]
[BlackTeamCountry "BEL"]

1. d4 d5 2. c4 e6 3. Nf3 Nf6 4. Nc3 Be7 5. Bf4 0-0 6. e3 b6 7. Bd3 dxc4 8. Bxc4 Ba6 9. Bxa6 Nxa6 10. Qa4 Nb4 11. 0-0 Nfd5 12. Rfd1 Nxf4 13. exf4 Nd5 14. Nxd5 Qxd5 15. Ne5 f6 16. Nc6 Bd6 17. Rac1 a5 18. g3 Rf7 19. a3 h5 20. h4 Raf8 21. Ne5 fxe5 22. dxe5 Qf3 23. exd6 cxd6 24. Rxd6 e5 25. Rxb6 exf4 26. Qb3 fxg3 27. Qxf3 Rxf3 28. fxg3 Rxg3+ 29. Kh2 Rg4 30. Rc5 Rxh4+ 31. Kg3 Rg4+ 32. Kh3 Rf3+ 33. Kh2 Rf2+ 34. Kh1 Rf1+ 35. Kh2 Rf2+ 36. Kh1 Re4 37. Kg1 Rd2 38. Rf5 Re1+ 39. Rf1 Ree2 0-1

[Event "Bundesliga 1920"]
[Site "Germany"]
[Date "2021.10.16"]
[Round "14.4"]
[White "Johansson, Linus"]
[Black "Buckels, Valentin"]
[Result "1/2-1/2"]
[WhiteElo "2475"]
[BlackElo "2469"]
[PlyCount "57"]
[EventDate "2019.11.23"]
[EventType "team-tourn"]
[EventRounds "15"]
[EventCountry "GER"]
[SourceTitle "EXT 2022"]
[Source "ChessBase"]
[SourceDate "2021.10.06"]
[SourceVersion "1"]
[SourceVersionDate "2021.10.06"]
[SourceQuality "1"]
[WhiteTeam "Bayern Muenchen"]
[BlackTeam "Muelheim Nord"]
[WhiteTeamCountry "GER"]
[BlackTeamCountry "GER"]

1. d4 Nf6 2. c4 e6 3. Nf3 d5 4. Nc3 a6 5. c5 b6 6. cxb6 cxb6 7. Bg5 Nbd7 8. e3 Bb7 9. Bd3 Be7 10. 0-0 0-0 11. a4 Ne4 12. Bf4 Bb4 13. Na2 Qe7 14. Nxb4 Qxb4 15. Qe2 Rfc8 16. h3 Nf8 17. Rfc1 a5 18. Bb5 Qe7 19. Ne5 Nd6 20. Nc6 Bxc6 21. Rxc6 Rxc6 22. Bxc6 Rc8 23. Rc1 Ng6 24. Bg3 Qd8 25. Rc2 Ne7 26. Bb5 Rxc2 27. Qxc2 Nxb5 28. axb5 Qd7 29. Qc7 1/2-1/2

[Event "Bundesliga 1920"]
[Site "Germany"]
[Date "2021.10.13"]
[Round "13.3"]
[White "Andersen, Mads"]
[Black "Buckels, Valentin"]
[Result "1-0"]
[WhiteElo "2601"]
[BlackElo "2469"]
[PlyCount "121"]
[EventDate "2019.11.23"]
[EventType "team-tourn"]
[EventRounds "15"]
[EventCountry "GER"]
[SourceTitle "EXT 2022"]
[Source "ChessBase"]
[SourceDate "2021.10.06"]
[SourceVersion "1"]
[SourceVersionDate "2021.10.06"]
[SourceQuality "1"]
[WhiteTeam "Solingen"]
[BlackTeam "Muelheim Nord"]
[WhiteTeamCountry "GER"]
[BlackTeamCountry "GER"]

1. Nf3 d5 2. g3 Nf6 3. Bg2 c5 4. 0-0 Nc6 5. d4 e6 6. c4 dxc4 7. dxc5 Qxd1 8. Rxd1 Bxc5 9. Nbd2 c3 10. bxc3 0-0 11. Nb3 Be7 12. Nfd4 Bd7 13. Nb5 Ne5 14. Ba3 Bxa3 15. Nxa3 Rac8 16. Bxb7 Rc7 17. f4 Ng6 18. Ba6 Rxc3 19. Bb5 Bxb5 20. Nxb5 Re3 21. Nxa7 e5 22. f5 Ne7 23. Nb5 h5 24. Nc1 Ra8 25. a4 Re4 26. a5 Rb4 27. Nd6 e4 28. Ra3 Rb1 29. Nc4 Nc6 30. a6 Nb4 31. a7 Nc6 32. Ra6 Nxa7 33. Ne3 Rc8 34. Rxa7 Rcxc1 35. Rxc1 Rxc1+ 36. Kf2 Rc5 37. h3 Nd5 38. Nxd5 Rxd5 39. g4 hxg4 40. hxg4 g6 41. fxg6 f5 42. Re7 fxg4 43. Rxe4 Rg5 44. Kg3 Kg7 45. Re6 Rf5 46. Kxg4 Rf1 47. Kg5 Rf2 48. Re7+ Kg8 49. Re8+ Kg7 50. Re7+ Kg8 51. e4 Rf1 52. Re8+ Kg7 53. Re7+ Kg8 54. e5 Rg1+ 55. Kf6 Rf1+ 56. Ke6 Rg1 57. Kf6 Rf1+ 58. Ke6 Rg1 59. g7 Ra1 60. Rd7 Ra6+ 61. Kf5 1-0

[Event "Berlin Rising Stars GM"]
[Site "Berlin"]
[Date "2021.09.23"]
[Round "8"]
[White "Buckels, Valentin"]
[Black "Lanka, Zigurds"]
[Result "1-0"]
[WhiteElo "2448"]
[BlackElo "2390"]
[PlyCount "71"]
[EventDate "2021.09.19"]
[EventType "tourn"]
[EventRounds "9"]
[EventCountry "GER"]
[EventCategory "8"]
[SourceTitle "CBM 204 Extra"]
[Source "ChessBase"]
[SourceDate "2021.11.30"]
[SourceVersion "1"]
[SourceVersionDate "2021.11.30"]
[SourceQuality "1"]

1. d4 Nf6 2. Nf3 g6 3. g3 Bg7 4. Bg2 0-0 5. 0-0 d6 6. b3 c5 7. Bb2 cxd4 8. Nxd4 d5 9. c4 dxc4 10. bxc4 Qb6 11. Qc1 Na6 12. Nd2 Nc5 13. Rb1 a6 14. Ba3 Qc7 15. Nc6 bxc6 16. Bxc5 Bg4 17. Qa3 Rfc8 18. h3 Qd7 19. hxg4 Qxd2 20. Bf3 e6 21. Rfd1 Qh6 22. Kg2 g5 23. Rb6 Qg6 24. Rxa6 Rab8 25. Rxc6 Re8 26. Qd3 Qxd3 27. exd3 Rb2 28. a4 Nd7 29. Be3 Ra2 30. Ra6 Rb8 31. d4 h6 32. c5 Nf6 33. Rc1 Rc8 34. c6 Bf8 35. c7 Ne8 36. Ra8 1-0

[Event "Berlin Rising Stars GM"]
[Site "Berlin"]
[Date "2021.09.23"]
[Round "7"]
[White "Buckels, Valentin"]
[Black "Parvanyan, Ashot"]
[Result "1/2-1/2"]
[WhiteElo "2448"]
[BlackElo "2460"]
[PlyCount "45"]
[EventDate "2021.09.19"]
[EventType "tourn"]
[EventRounds "9"]
[EventCountry "GER"]
[EventCategory "8"]
[SourceTitle "CBM 204 Extra"]
[Source "ChessBase"]
[SourceDate "2021.11.30"]
[SourceVersion "1"]
[SourceVersionDate "2021.11.30"]
[SourceQuality "1"]

1. d4 Nf6 2. Nf3 e6 3. g3 b5 4. Bg2 Bb7 5. 0-0 c5 6. Na3 a6 7. c4 Qb6 8. cxb5 axb5 9. Qb3 Bc6 10. Be3 Na6 11. Rac1 Nd5 12. Ne5 cxd4 13. Bd2 Bd6 14. Nxc6 dxc6 15. e4 dxe3 16. Bxe3 Qb7 17. Bxd5 exd5 18. Qc3 f6 19. Qxc6+ Qxc6 20. Rxc6 Kd7 21. Rcc1 Nc7 22. Bb6 b4 23. Bxc7 1/2-1/2

[Event "Berlin Rising Stars GM"]
[Site "Berlin"]
[Date "2021.09.22"]
[Round "6"]
[White "Saltaev, Mihail"]
[Black "Buckels, Valentin"]
[Result "1/2-1/2"]
[WhiteElo "2472"]
[BlackElo "2448"]
[PlyCount "96"]
[EventDate "2021.09.19"]
[EventType "tourn"]
[EventRounds "9"]
[EventCountry "GER"]
[EventCategory "8"]
[SourceTitle "CBM 204 Extra"]
[Source "ChessBase"]
[SourceDate "2021.11.30"]
[SourceVersion "1"]
[SourceVersionDate "2021.11.30"]
[SourceQuality "1"]

1. e4 e5 2. Nf3 Nc6 3. Bb5 a6 4. Ba4 Nf6 5. d3 b5 6. Bb3 Bc5 7. Nc3 h6 8. Nd5 Rb8 9. Be3 d6 10. 0-0 0-0 11. c3 Nxd5 12. Bxd5 Bxe3 13. fxe3 Ne7 14. Bb3 c5 15. Nd2 d5 16. exd5 Nxd5 17. Qh5 c4 18. Qxe5 cxb3 19. Qxb8 Nxe3 20. Rf3 Nc2 21. Nxb3 Nxa1 22. Nxa1 Qa5 23. Qf4 Qxa2 24. Qc1 Re8 25. Nc2 Qd5 26. Re3 Rxe3 27. Qxe3 Bf5 28. Nb4 Qb3 29. Qe2 a5 30. Nc6 Bg6 31. h3 Kh7 32. d4 a4 33. Qd2 Be4 34. Nb4 Bd5 35. Qd3+ g6 36. Qxb5 Bxg2 37. Kxg2 Qxb2+ 38. Kg1 Qxc3 39. d5 a3 40. Qf1 Kg7 41. Qb1 Qb2 42. Qe1 a2 43. Nxa2 Qxa2 44. Qe5+ Kf8 45. d6 Qb1+ 46. Kh2 Qc2+ 47. Kg1 Qb1+ 48. Kh2 Qc2+ 1/2-1/2